| 000 | 00851nam a2200121Ia 4500 | ||
|---|---|---|---|
| 008 | 220620s9999||||xx |||||||||||||| ||und|| | ||
| 245 | 0 |
_aAcademic Integrity in Canada _bAn Enduring and Essential Challenge |
|
| 546 | _aEnglish[eng] | ||
| 650 | _aAcademic Integrity in Canada||Academic Integrity in Higher Education||Academic Integrity Policy||Academic Misconduct in Canada||Academic Misconduct in Higher Education||Academic Misconduct Policy||Academic Dishonesty in Canada||Indigenous Perspectives on Academic Integrity||Teaching and Learning Ethically||Assessment and Academic Integrity||Online and Remote Learning and Academic Integrity||Covid-19 and Academic Integrity||Open Access | ||
| 700 | _aEaton, Sarah Elaine||Christensen Hughes, Julia | ||
| 856 | _uhttps://library.oapen.org/bitstream/20.500.12657/53333/1/978-3-030-83255-1.pdf | ||
| 942 | _cEB | ||
| 999 |
_c29808 _d29808 |
||